00333nam a2200133Ia 4500100003800000650001700038250000600055366000700061245005600068260003300124082001700157300000800174546001700182 aAlciatore/D.G/ Histand/Michael B  aMechatronics a3 f20 aIntroduction to Mechatronics and Measurement system bTata Mc Graw hill Ltd.c2007 a621.381bALC a509 aENGLISHcTTL